| 000 | 00445nam a2200157Ia 4500 | ||
|---|---|---|---|
| 008 | 230312s9999||||xx |||||||||||||| ||und|| | ||
| 020 | _a81-297-0316-5 | ||
| 082 |
_a351 _bCOX-P |
||
| 100 | _aCox,Raymond.W | ||
| 245 | 0 | _aPublic Administration in Theory and Practice | |
| 260 |
_bPearson Education _aIndia _c2004 |
||
| 300 | _a281 | ||
| 546 | _aEng. | ||
| 650 |
_aManagement _vNormative Function,Publice Administration as Management |
||
| 942 | _cBK | ||
| 999 |
_c2293 _d2293 |
||